000 01400cad a22003735a 4500
001 L158260
008 130206s2014 xxk f 000 0 eng d
020 _a9781783210619
035 _a(Sirsi) u158260
041 0 _aeng
110 2 _aRoyal Institution of Chartered Surveyors
_94900
245 _aAppropriate contract selection
_h[old edition]
260 _aLondon
_bRICS
_c2014
300 _a50p.
490 0 _aRICS Guidance Note
490 0 _aRICS Black Book
520 _aSuperseded by 2nd edition dated April 2024 ISBN 9781783215249
520 _aThis guidance note discusses the various types of construction contract that are available for use in the UK. It also discusses the factors to consider when choosing the most appropriate construction contract for a particular project.
590 _aKA
650 2 4 _aJCT
650 2 4 _aNEC
650 2 4 _aGOVERNMENT CONTRACTS
650 2 4 _aThe Infrastructure Conditions of Contract
650 2 4 _aINSTITUTION OF CHEMICAL ENGINEERS
650 2 4 _aFIDIC
650 2 4 _aPROJECT PARTNERING CONTRACT
650 2 4 _aRICS BLACK BOOK
650 2 4 _aRICS QS AND CONSTRUCTION STANDARDS
651 4 _aUnited Kingdom
690 _aContracts
_96232
700 1 _aDartnell, Richard
856 4 0 _uhttps://www.rics.org/uk/products/knowledge-and-information-services/
_zplease email [email protected] for an archive copy
942 _n0
_2ddc
999 _c115227
_d115227